000 00567nam a2200181 4500
001 143843
003 ES-MaACL
005 20230906200904.0
007 t|
008 070214s1975 mx r ||||1| spa d
100 1 _aShackle, George L. S.
_9105977
245 1 0 _aPara comprender la Economía /
_cGeorge L. S. Shackle ; [traducción de Rubén Pimentel].
250 _a1ª ed.
260 _aMéxico :
_bFondo de Cultura Económica,
_c1975 (
_fOlimpia)
300 _a323 p. ;
_c17 cm.
700 1 _aPimentel, Rubén C.
_992051
852 _aES-MaACL
_jL-3033
_bR.103955
999 _c143843
_d143843